000 00677nam a2200169 a 4500
001 000030598
005 20200930062411.0
008 110524s1946 dr 000 0 spa d
040 _aDO-SdBNP
_bspa
_cBNPHU
082 _axxx
130 1 _aRepública Dominicana
_bSecretaría de Estado de Relaciones exteriores
_92814
240 0 _a[Tratados, convenciones y acuerdos vigentes en la República Dominicana el 1ro de julio de 1946.]
245 0 _aTratados, convenciones y acuerdos vigentes en la República Dominicana el 1ro de julio de 1946.
260 _aCiudad Trujillo, República Dominicana, :
_bLuis Sánchez Andújar,
_c1946.
300 _a62 p. ;
_c24 cm.
049 _aBNPD
999 _c30090
_d30090